000 01200nam a2200325 a 4500
001 000111112
003 CHAP
005 20220329144159.0
008 141204s2014 mx sm |||||||spa d
010 _a107574
011 _a108546
040 _cCHAP
090 _aTesis
100 1 _aDelgadillo Vazquez, Marco Antonio
_9128907
245 1 0 _aPrograma de higiene y seguridad para talleres de maquinaria agrícola
_h[En línea]
_cpor Marco Antonio Delgadillo Vazquez.
260 _aChapingo, Méx. :
_bEl autor,
_c2014.
500 _aPara ver el contenido del material haga clic en la liga
502 _aTesis (Ing. Agr. Esp. en Mecánico Agrícola) -- UACH. Departamento de Ingeniería Mecánica Agrícola
590 _aE11695DGD
_b10
_c20141207
_lUCH01
_h1459
590 _aE5765TAJ
_b05
_c20141204
_lUCH01
_h0913
590 _aE5765TAJ
_b05
_c20141204
_lUCH01
_h0914
650 1 4 _aHigiene industrial.
_955333
650 1 4 _aMaquinaria agrícola
_xMedidas de seguridad.
_971183
650 1 4 _aSeguridad industrial.
_9103675
650 1 4 _aSeguridad social.
_9103676
856 _aFinding aid
_uhttp://10.13.5.2/tesis/sist11112.pdf
_zTeclea aquí
901 _aBK
942 _cTESIS
942 _n0
999 _c107574
_d107574